Statistics for My 25 Favorite Female Singers

Click here to take the quiz!

General Stats

  • This quiz has been taken 46 times
  • The average score is 4 of 25

Answer Stats

Answer% Correct
Lady Gaga
66%
Pink
39%
Gwen Stefani
34%
Stevie Nicks
32%
Tina Turner
29%
Amy Winehouse
24%
Avril Lavigne
24%
Ann Wilson
18%
Alanis Morissette
16%
Amy Lee
16%
Jewel
13%
Karen Carpenter
13%
Hayley Williams
11%
Pat Benatar
11%
Shania Twain
11%
Belinda Carlisle
8%
Gloria Estefan
8%
Brenda Lee
5%
Chrissie Hynde
5%
Cyndi Lauper
5%
Chantal Kreviazuk
3%
Crystal Gayle
3%
Linda Rondstadt
3%
Michelle Branch
3%
Susanna Hoffs
3%

Score Distribution

Percentile by Number Answered

Percent of People with Each Score

Your Score History

You have not taken this quiz